[Event "It"]
[Site "Presov SVK"]
[Date "2000.08.13"]
[Round "2"]
[White "Mrva,M"]
[Black "Sherbakov,R"]
[Result "0-1"]
[WhiteElo "2468"]
[BlackElo "2558"]

1.e4 c5 2.Nf3 Nc6 3.Bb5 e6 4.b3 Nd4 5.Bd3 Ne7 6.O-O Nec6 7.Nxd4 cxd4 8.f4 Be7
9.Qh5 d6 10.Bb5 O-O 11.Bxc6 bxc6 12.d3 f5 13.e5 d5 14.Nd2 c5 15.Nf3 Qb6 16.a4 c4
17.a5 Qc7 18.Bb2 Rb8 19.Bxd4 cxd3 20.cxd3 Rxb3 21.Rfc1 Qd7 22.Bc5 d4 23.Bxe7 Qxe7
24.Rc6 Rxd3 25.Rac1 Rc3 26.Nxd4 Rxc1+ 27.Rxc1 Qa3 28.Qd1 Qe3+ 29.Kh1 Rd8
30.Qg1 Qxf4 31.Nc6 Re8 32.Qc5 Bb7 33.a6 Ba8 34.Rg1 Qe4 35.Nxa7 f4 36.Qb5 Rf8
37.Qb1 Qe3 38.Re1 Qxa7 39.Qa2 Qd7 40.Kg1 f3 41.gxf3 Bxf3 42.Qf2 Ba8 43.Qc5 Rc8
44.Qd6 Qa7+ 45.Kf1 Rf8+ 46.Ke2  0-1

[Event "101st US Open"]
[Site "Saint Paul USA"]
[Date "2000.08.13"]
[Round "9"]
[White "Lein,A"]
[Black "Pinto,Mark"]
[Result "1-0"]
[WhiteElo "2450"]
[BlackElo "2138"]

1.e4 c5 2.Nf3 Nc6 3.Bb5 Na5 4.Be2 a6 5.c4 d6 6.d4 cxd4 7.Nxd4 Nf6 8.Nc3 g6
9.Be3 Bg7 10.O-O O-O 11.f3 Bd7 12.Qd2 Rc8 13.b3 Nc6 14.Rfd1 Re8 15.Bf1 Qa5
16.Nce2 Qxd2 17.Rxd2 Ne5 18.Rad1 b5 19.cxb5 axb5 20.Nc2 Ra8 21.Nb4 Rec8 22.Rc1 Rxc1
23.Nxc1 Rc8 24.Ne2 Nc6 25.Nxc6 Rxc6 26.Nd4 Rc3 27.Kf2 Rc5 28.Nf5 gxf5 29.Bxc5 dxc5
30.e5 Bc6 31.exf6 Bxf6 32.Rd8+ Kg7 33.Rc8 Bd4+ 34.Ke1 Bd7 35.Rc7 Be8 36.Rxe7 Kf8
37.Rb7 b4 38.Bb5 Bxb5 39.Rxb5 Ke7 40.Ke2 Bg1 41.Kd3 Kd6 42.Rb6+  1-0

[Event "Lost Boys Open"]
[Site "Amsterdam NED"]
[Date "2000.08.14"]
[Round "4"]
[White "Jens,J"]
[Black "Van den Berg,AMJ"]
[Result "1/2-1/2"]
[WhiteElo "2280"]
[BlackElo "2217"]

1.e4 c5 2.Nf3 Nc6 3.Bb5 e6 4.O-O Nge7 5.Re1 Qb6 6.Ba4 h6 7.c3 g5 8.d4 cxd4
9.Nxd4 Nxd4 10.cxd4 Bg7 11.Be3 O-O 12.Nc3 d5 13.Bb3 Rd8 14.h4 e5 15.Na4 Qg6
16.h5 Qc6 17.exd5 Nxd5 18.dxe5 Be6 19.Qe2 b6 20.Rac1 Qb7 21.Bd2 Qd7 22.Bc2 Ne7
23.Red1 Qe8 24.Nc3 Bf5 25.Ba4 Bd7 26.Bxd7 Rxd7 27.e6 Rd6 28.exf7+ Qxf7 29.Ne4 Re6
30.Bc3 Bxc3 31.Rxc3 Re8 32.Qf3 Qxf3 33.gxf3 Nf5 34.Rd7 R8e7 35.Rxe7 Rxe7
36.Rc6 Nh4 37.Rc3  1/2-1/2

[Event "4th Open"]
[Site "Halkida GRE"]
[Date "2000.08.15"]
[Round "6"]
[White "Turov,M"]
[Black "Rotstein,A"]
[Result "0-1"]
[WhiteElo "2539"]
[BlackElo "2492"]

1.e4 c5 2.Nf3 Nc6 3.Bb5 g6 4.O-O Bg7 5.Bxc6 bxc6 6.Re1 Nh6 7.c3 O-O 8.d4 cxd4
9.cxd4 d5 10.e5 Bg4 11.Nbd2 Nf5 12.h3 Bxf3 13.Nxf3 e6 14.b3 Qa5 15.Bg5 h6
16.Qd2 Qxd2 17.Bxd2 a5 18.Rec1 Ra6 19.Rc5 a4 20.b4 Rb8 21.g4 Ne7 22.Rac1 Bf8
23.a3 Rbb6 24.Ne1 Nc8 25.R5c3 Na7 26.Nc2 Nb5 27.Rg3 Bg7 28.Re1 Rb7 29.f4 f6
30.exf6 Bxf6 31.Rxe6 Kf7 32.f5 g5 33.Kf1 Re7 34.Rxe7+ Kxe7 35.Rd3 Ra8 36.Re3+ Kd7
37.Re6 Rf8 38.h4 Nc7 39.Re2 Nb5 40.hxg5 hxg5 41.Rh2 Nd6 42.Rh7+ Rf7 43.Rxf7+ Nxf7
44.Ke2 Nd6 45.Kd3 Nb5 46.Bc1 Ke8 47.Bb2 Nd6 48.Ne3 Kd7 49.Nd1 Ne4 50.Bc1 Be7
51.Be3 Bf6 52.Nc3 Nxc3 53.Kxc3 Be7 54.Kd3 Ke8 55.Bf2 Bd6 56.Ke2 Kd7 57.Kf3 Ke8
58.Bg3 Be7 59.Ke2 Kf7 60.Kd3 Ke8 61.Kc3 Kd7 62.Be5 Ke8 63.Bb8 Kd7 64.Ba7 Bd6
65.Bc5 Bg3 66.Bf8 Be1+ 67.Kd3 Bg3 68.Bh6 Bf4 69.Ke2 Ke7 70.Bg7 Bg3 71.Ke3  0-1

[Event "It"]
[Site "Presov SVK"]
[Date "2000.08.15"]
[Round "4"]
[White "Kalod,R"]
[Black "Sherbakov,R"]
[Result "0-1"]
[WhiteElo "2483"]
[BlackElo "2558"]

1.e4 c5 2.Nf3 Nc6 3.Bb5 e6 4.O-O Nge7 5.b3 a6 6.Bxc6 Nxc6 7.Bb2 b5 8.a4 b4
9.d4 cxd4 10.Nxd4 Qf6 11.Ra2 Nxd4 12.Bxd4 Qg6 13.Re1 Bb7 14.f3 d5 15.e5 a5
16.c3 Ba6 17.Bb6 Bd3 18.c4 Ra6 19.Bf2 dxc4 20.bxc4 Bxb1 21.Rd2 Be7 22.Qxb1 Qxb1
23.Rxb1 Rc6 24.Rbd1 O-O 25.Rd7 Bc5 26.Rb7 Bxf2+ 27.Kxf2 Rxc4 28.Rb5 g5 29.Rxa5 Rb8
30.Rd2 b3 31.Rb2 Rbb4 32.Ke2 Kg7 33.Kd3 Rxa4 34.Rb5 Rab4 35.Rxb4 Rxb4 36.Kc3 Rb5
37.Rxb3 Rxe5 38.Kd3 Re1 39.Rb2 h5 40.Kd2 Rh1 41.h3 h4 42.Ke2 e5 43.Kf2 f6
44.Ra2 Rb1 45.Rc2 Rb6 46.Ra2 Kf7 47.Rc2 Ke6 48.Rd2 Rc6 49.Kg1 Kf5 50.Kf2 Kf4
51.Ra2 f5 52.Rb2 Rc4 53.Ra2 Rd4 54.Rb2 e4 55.fxe4 fxe4 56.Rb5 Rd2+ 57.Kf1 Ke3
58.g4 hxg3 59.Rxg5 Kf4 60.Rg8 Rf2+ 61.Kg1 e3 62.Rf8+ Ke4 63.Re8+ Kd4 64.Rd8+ Kc5
65.Rc8+ Kd6 66.Rd8+ Ke7 67.Rd1 e2 68.Ra1 Kf6 69.h4 Kg6 70.Rb1 Kh5 71.Ra1 Kxh4
72.Rb1 Kh3 73.Ra1 Rf1+  0-1

[Event "Match"]
[Site "Sao Paulo BRA"]
[Date "2000.08.16"]
[Round "6"]
[White "Vescovi,G"]
[Black "Mecking,H"]
[Result "1-0"]
[WhiteElo "2526"]
[BlackElo "2560"]

1.e4 c5 2.Nf3 Nc6 3.Bb5 g6 4.O-O Bg7 5.Re1 e5 6.Bxc6 dxc6 7.d3 f6 8.Be3 b6
9.Qc1 Bg4 10.Nbd2 a5 11.a3 a4 12.b4 cxb4 13.axb4 Ne7 14.d4 O-O 15.c4 f5 16.Bg5 exd4
17.exf5 Ra7 18.fxg6 h6 19.Rxa4 Rxa4 20.Bxe7 Qc7 21.Bxf8 Kxf8 22.Qc2 Ra8 23.Qe4 Bxf3
24.Nxf3 Rd8 25.Qf5+ Kg8 26.Qe6+ Kh8 27.Qf7 Qxf7 28.gxf7 Rf8 29.Re8 c5 30.b5 Kh7
31.Ne5 h5 32.f4  1-0

[Event "IV Taca Brasilia CC"]
[Site "Brasilia BRA"]
[Date "2000.08.17"]
[Round "11"]
[White "De Andrade,W"]
[Black "Matsuura,E"]
[Result "0-1"]
[WhiteElo "2200"]
[BlackElo "2443"]

1.e4 c5 2.Nf3 Nc6 3.Bb5 e6 4.O-O Nge7 5.b3 Ng6 6.Bb2 f6 7.d4 cxd4 8.Nxd4 Bc5
9.Kh1 O-O 10.Nxc6 dxc6 11.Bd3 Nf4 12.Nc3 Bd4 13.Na4 b5 14.Nc3 e5 15.Rb1 Qb6
16.f3 Nxd3 17.cxd3 Bxc3 18.Bxc3 b4 19.Be1 Ba6 20.Bf2 Qb5 21.Qc2 Qxd3 22.Qxc6 Rac8
23.Qe6+ Kh8 24.Rfc1 h6 25.Qd5 Qe2 26.Bxa7 Rfd8 27.Rxc8 Rxc8 28.Qe6 Qxa2 29.Rg1 Qe2
30.h4 Rc2 31.Qe8+ Kh7 32.h5 Bb5 33.Qf7 Qd2 34.Bb6 Qg5 35.Qg6+ Qxg6 36.hxg6+ Kxg6
37.Bc5 h5 38.Bxb4 h4 39.Kh2 Kh5 40.Rd1 Rb2 41.Bf8 Be2 42.Rg1 Bxf3 43.Bxg7 Kg6
44.Bf8 Bxe4 45.b4 Kg5 46.Be7 Bd5 47.Kh3 Rb3+ 48.g3 Be6+ 49.Kh2 hxg3+ 50.Rxg3+ Rxg3
51.Kxg3 Bc4 52.Kf3 Kf5 53.Ke3 Bb5 54.Bd6 Bc6 55.Bf8 Ke6 56.Kd3 Kf7 57.Bh6 f5
58.Kc4 Kg6 59.Bd2 f4 60.b5 Bb7 61.Kd3 Bf3 62.b6 Kf5 63.Bc1 Kg4 64.Kd2 Bb7
65.Ke2 Kg3 66.Kf1 e4 67.Ba3 Ba6+ 68.Ke1 Kf3 69.Be7 e3 70.Bg5 Ke4  0-1

[Event "IV Taca Brasilia CC"]
[Site "Brasilia BRA"]
[Date "2000.08.17"]
[Round "12"]
[White "Caldeira,A"]
[Black "Chemin,V"]
[Result "0-1"]
[WhiteElo "2304"]
[BlackElo "2309"]

1.e4 c5 2.Nf3 Nc6 3.Bb5 e6 4.Bxc6 bxc6 5.e5 f6 6.O-O fxe5 7.Nxe5 Nf6 8.d3 Be7
9.Bd2 O-O 10.Na3 Qe8 11.Nac4 d6 12.Nf3 e5 13.h3 Nd5 14.Kh2 Qg6 15.Ng1 Be6
16.g3 Rf7 17.Ne3 Raf8 18.Qe2 Nf6 19.f3 h5 20.Ng2 Nd5 21.h4 Bd8 22.Ne3 Bc8
23.Nh3 Bxh4 24.Qg2 Bd8 25.Rae1 Bxh3 26.Kxh3 Qe6+ 27.Kh2 h4 28.g4 Nf4 29.Qf2 h3
30.Nf5 Ng6 31.Kxh3 Rxf5 32.gxf5 Qxf5+ 33.Kg2 Bh4 34.Qe2 Bxe1 35.Qxe1 Qh5
36.f4 exf4 37.Qe6+ Kh7 38.Rh1 f3+ 39.Kg1 f2+ 40.Kg2 Qxh1+  0-1

[Event "Lost Boys Open"]
[Site "Amsterdam NED"]
[Date "2000.08.18"]
[Round "8"]
[White "Blees,A"]
[Black "Van der Weide,K"]
[Result "1/2-1/2"]
[WhiteElo "2389"]
[BlackElo "2467"]

1.e4 c5 2.Nf3 Nc6 3.Bb5 e6 4.O-O Nge7 5.Re1 g6 6.c3 Bg7 7.d4 cxd4 8.cxd4 d5
9.e5 O-O 10.Nc3 h6 11.b3 Bd7 12.Ba3 Re8 13.Qd2 Qa5 14.Bc5 Nf5 15.Bd3 b6 16.b4 Nxb4
17.Bxf5 gxf5 18.Bd6 Rac8 19.Re3 f4 20.Ree1 Nc2 21.Qxc2 Qxc3 22.Qe2 Rc4 23.a4 Rec8
24.a5 Qc2 25.Qf1 Bb5 26.axb6 axb6 27.Red1 Qg6 28.Qe2 Rb4 29.Qd2 Rb3 30.Nh4 Qg4
31.g3 fxg3 32.hxg3 Rd3 33.Qxd3 Bxd3 34.Rxd3 Bf8 35.Kh2 Bxd6 36.exd6 Rd8 37.Nf3 Qf5
38.Rc3 Rxd6 39.Rc8+ Kg7 40.Kg2 Rd7 41.Raa8 Rb7 42.Rg8+ Kf6 43.Rh8 b5 44.Rxh6+ Kg7
45.Rh4 b4 46.Rf4 Qh5 47.Rh4 Qf5 48.Rf4 Qh5 49.Rh4 Qf5  1/2-1/2

[Event "Open"]
[Site "Polanica Zdroj POL"]
[Date "2000.08.18"]
[Round "2"]
[White "Brodsky,M"]
[Black "Zozulia,A"]
[Result "1/2-1/2"]
[WhiteElo "2532"]
[BlackElo "2371"]

1.e4 c5 2.Nf3 Nc6 3.Bb5 d6 4.O-O Bd7 5.Re1 Nf6 6.h3 Nd4 7.Bf1 Nxf3+ 8.Qxf3 e6
9.d3 Be7 10.Nd2 O-O 11.a4 Bc6 12.Nc4 b6 13.b3 a6 14.Bd2 Rb8 15.Qe2 d5 16.Ne5 Bb7
17.exd5 Nxd5 18.c3 Bd6 19.Rad1 Qc7 20.g3 Rbd8 21.Bg2 Ne7 22.Nf3 b5 23.axb5 axb5
24.Ra1 Ra8 25.d4 c4 26.bxc4 bxc4 27.Reb1 Bd5 28.Ne1 Qc6 29.Bf1 Rxa1 30.Rxa1 Ra8
31.Qd1 h6 32.Ng2 Nc8 33.Ne3 Nb6 34.Rxa8+ Qxa8 35.Qb1 Qa6 36.Nxd5 Nxd5 37.Be2 Bc7
38.h4 Bd6 39.h5 Bc7 40.Bf3 Bd6 41.Qb2 Bc7 42.Be4 Bd6 43.Bc1 Be7 44.Bb1 Kf8
45.Qc2 Qa1 46.Qa2  1/2-1/2

[Event "Paul Keres mem"]
[Site "Tallinn EST"]
[Date "2000.08.18"]
[Round "5"]
[White "Fomina,T"]
[Black "Zjukin,S"]
[Result "1/2-1/2"]
[WhiteElo "2266"]
[BlackElo "2402"]

1.e4 c5 2.Nf3 Nc6 3.Bb5 e6 4.c3 Nge7 5.Qe2 a6 6.Ba4 b5 7.Bc2 Ng6 8.d3 Be7
9.O-O O-O 10.Rd1 Bb7 11.Be3 d5 12.d4 cxd4 13.Nxd4 Qc7 14.exd5 Nxd4  1/2-1/2

[Event "IV Russian Cup Final"]
[Site "Elista RUS"]
[Date "2000.08.19"]
[Round "1"]
[White "Lastin,A"]
[Black "Kotsur,P"]
[Result "1/2-1/2"]
[WhiteElo "2580"]
[BlackElo "2589"]

1.e4 c5 2.Nf3 Nc6 3.Bb5 e6 4.O-O Nge7 5.Re1 a6 6.Bxc6 Nxc6 7.d4 cxd4 8.Nxd4 Qc7
9.Nc3 Bd6 10.Nxc6 dxc6 11.f4 Bxf4 12.Bxf4 Qxf4 13.e5 O-O 14.Qd6 b6 15.Rad1 Ra7
16.Qxc6 Qb4 17.Rd2 b5 18.Ne4 Qa5 19.Qc5 Rc7 20.Qe3 Bb7 21.Nf6+ Kh8 22.Red1 Bd5
23.Qf2 gxf6 24.Qxf6+ Kg8 25.Qg5+  1/2-1/2

[Event "It"]
[Site "Presov SVK"]
[Date "2000.08.19"]
[Round "8"]
[White "Stocek,J"]
[Black "Sherbakov,R"]
[Result "1/2-1/2"]
[WhiteElo "2514"]
[BlackElo "2558"]

1.e4 c5 2.Nf3 Nc6 3.Bb5 e6 4.O-O Nge7 5.c3 a6 6.Be2 d5 7.exd5 Nxd5 8.d4 cxd4
9.Nxd4 Bd7 10.Bf3 Nde7 11.Re1 Qc7 12.Na3 Ng6 13.Nc4 Nxd4 14.Qxd4 Bc5 15.Qxg7 O-O-O
16.Be3 Nh4 17.Qf6 Be7 18.Nb6+ Kb8 19.Nxd7+ Qxd7 20.Qf4+ Qc7 21.Ba7+ Kc8 22.Qxf7 Nxf3+
23.Qxf3 b6 24.Rxe6 Bd6 25.Qa8+  1/2-1/2

[Event "ch-ESP"]
[Site "Barcelona ESP"]
[Date "2000.08.20"]
[Round "3"]
[White "Baron Rodriguez,Je"]
[Black "Ayza Ballester,J"]
[Result "1/2-1/2"]
[WhiteElo "2384"]
[BlackElo "2251"]

1.e4 c5 2.Nf3 Nc6 3.Bb5 g6 4.Bxc6 bxc6 5.O-O Bg7 6.Re1 Nh6 7.c3 d6 8.d4 cxd4
9.cxd4 O-O 10.h3 f6 11.Nc3 Nf7 12.b3 e5 13.Bb2 f5 14.exf5 Bxf5 15.d5 c5 16.Nd2 Rb8
17.Qe2 Rb7 18.Nde4 Bxe4 19.Nxe4 Ng5 20.Qg4 Nxe4 21.Rxe4 Rbf7 22.Rf1 Qa5 23.Ra4 Qd2
24.Bc1 Qc2 25.Qe6 Kh8 26.Be3 Rf6 27.Qg4 h5 28.Qd1 Qxd1 29.Rxd1 R6f7 30.f3 Rb8
31.Rc1 Kh7 32.Kf2 Bh6 33.Rcc4 Bxe3+ 34.Kxe3 Rfb7 35.Ra6 Rd8 36.Rca4 Rdd7
37.Rc6 Rb8 38.Rca6 Rbb7 39.Kd3 Kg7 40.Kc4 Kf6 41.R4a5 Kf5 42.Rb5 Rxb5 43.Kxb5 e4
44.fxe4+ Kxe4 45.Kc6 Rf7 46.Ra5 Ke5 47.h4 Rg7 48.a4 Rf7 49.Rb5 Rf8 50.Rb7 Rc8+
51.Kd7 Rg8 52.Kc6 Rc8+ 53.Kd7 Rg8 54.Kc6 Rc8+ 55.Kd7  1/2-1/2

[Event "Paul Keres mem"]
[Site "Tallinn EST"]
[Date "2000.08.20"]
[Round "7"]
[White "Fomina,T"]
[Black "Smirnov,Ar"]
[Result "1/2-1/2"]
[WhiteElo "2266"]
[BlackElo "2225"]

1.e4 c5 2.Nf3 Nc6 3.Bb5 g6 4.c3 Bg7 5.d3 Nf6 6.O-O O-O 7.Re1 Ne8 8.Be3 b6
9.Qd2 Nc7 10.Bxc6 dxc6 11.Bh6 Re8 12.Bxg7 Kxg7 13.d4 cxd4 14.cxd4 f6 15.Qe3 Bg4
16.Nbd2 Qd7 17.h3 Be6 18.Rac1 Rac8 19.a4 Bf7 20.Rc3 Na6 21.b3 Nb4  1/2-1/2

[Event "Paul Keres mem"]
[Site "Tallinn EST"]
[Date "2000.08.20"]
[Round "7"]
[White "Karasev,V"]
[Black "Bogdanov,R"]
[Result "1-0"]
[WhiteElo "2358"]
[BlackElo "2087"]

1.e4 c5 2.Nf3 Nc6 3.Bb5 e5 4.O-O Qc7 5.c3 Nf6 6.d4 cxd4 7.cxd4 exd4 8.e5 Nd5
9.Nxd4 Be7 10.Nf3 Nb6 11.Bf4 a6 12.Bd3 Nd8 13.Nc3 Ne6 14.Bg3 O-O 15.Rc1 Qd8
16.Ne4 Nd5 17.Bb1 Ndf4 18.Qc2 g6 19.Rfd1 b5 20.Qd2 Nh5 21.Nd6 Bxd6 22.Qxd6 Bb7
23.Bh4 Qb8 24.Rc3 b4 25.Rb3 Bc6 26.Qxb4 Qc7 27.Qd6 Ba4 28.Rc3 Qb7 29.b3 Nhf4
30.Qd2 Bb5 31.Re1 Rac8 32.Be4 Qb6 33.Rxc8 Rxc8 34.Bg3 Nh5 35.Bd5 Nhg7 36.Ng5 Nxg5
37.Qxg5 Qa5 38.Rc1 Rf8 39.a4 Bd3 40.Bf3 Qb4 41.Qg4 Qxb3 42.Qxd7 Qb2 43.Bf4 Bf5
44.Qd2 Qa3 45.a5 Ne6 46.Be3 Rd8 47.Qc3 Rd3 48.Qxa3 Rxa3 49.g4 Bd3 50.Bh6 f5
51.Bd5 Kf7 52.Rc7+ Ke8 53.Bxe6 Rxa5 54.Bg5 Ra1+ 55.Rc1 Rxc1+ 56.Bxc1 Ke7
57.gxf5 gxf5 58.Bg8 h5 59.Ba3+ Ke8 60.e6  1-0

[Event "Open"]
[Site "Kiel GER"]
[Date "2000.08.21"]
[Round "3"]
[White "Schmidt,Pe"]
[Black "Mandelbaum,P"]
[Result "0-1"]
[WhiteElo "2403"]
[BlackElo "2034"]

1.e4 c5 2.Nf3 Nc6 3.Bb5 g6 4.O-O Bg7 5.c3 e5 6.Na3 Nge7 7.d4 exd4 8.Nc4 d5
9.exd5 Qxd5 10.Bf4 O-O 11.cxd4 cxd4 12.Nd6 Ne5 13.Nxc8 Nxf3+ 14.Qxf3 Raxc8
15.Qe2 Nf5 16.Bg5 Nd6  0-1

[Event "IV Russian Cup Final"]
[Site "Elista RUS"]
[Date "2000.08.22"]
[Round "4"]
[White "Grischuk,A"]
[Black "Kotsur,P"]
[Result "1-0"]
[WhiteElo "2606"]
[BlackElo "2589"]

1.e4 c5 2.Nf3 Nc6 3.Bb5 e6 4.O-O Nge7 5.c3 a6 6.Ba4 b5 7.Bc2 Bb7 8.Qe2 Qb6
9.Rd1 d5 10.e5 d4 11.Be4 Rd8 12.d3 h6 13.Nbd2 Nd5 14.cxd4 cxd4 15.a4 Be7
16.axb5 axb5 17.Nb3 O-O 18.Bd2 b4 19.Bc1 Ba6 20.Nbxd4 Nxd4 21.Nxd4 f5 22.exf6 Nxf6
23.Nc6 Bc5 24.Nxd8 Nxe4 25.Qxe4 Bxf2+ 26.Kh1 Rxd8 27.Bxh6 Bb7 28.Qg6 Bd4
29.Rf1 Qc6 30.Rac1 Qxg2+ 31.Qxg2 Bxg2+ 32.Kxg2 gxh6 33.Rc4 Bxb2 34.Rxb4 Bg7
35.Rf3 Rd7 36.Re4 Re7 37.Kh3 Kh7 38.Rfe3 e5 39.Rf3 Rd7 40.Kh4 Rb7 41.h3 Ra7
42.Rc4 Rd7 43.Kg4 Ra7 44.Kf5 Rf7+ 45.Ke4 Rd7 46.Rc6 h5 47.Ra6 Bh8 48.Rb6 Bg7
49.Rc6 Bh8 50.Rf5 Rd4+ 51.Ke3 Rh4 52.Rf7+ Kg8 53.Rf3 Rd4 54.Rc7  1-0

[Event "III Pyramiden-Franken Cup"]
[Site "Fuerth GER"]
[Date "2000.08.23"]
[Round "5"]
[White "Naiditsch,A"]
[Black "Seibold,H"]
[Result "0-1"]
[WhiteElo "2449"]
[BlackElo "2296"]

1.e4 c5 2.Nf3 Nc6 3.Bb5 g6 4.Bxc6 dxc6 5.d3 Bg4 6.h3 Bxf3 7.Qxf3 Nf6 8.e5 Nd7
9.Qe2 Bg7 10.e6 fxe6 11.O-O e5 12.Nc3 Nf8 13.Ne4 Ne6 14.Be3 b6 15.c3 Qd7
16.g3 O-O 17.Qg4 Rad8 18.Rad1 Rf5 19.a4 a5 20.Nd2 b5 21.Ne4 bxa4 22.Nxc5 Nxc5
23.Bxc5 Rh5 24.Bb6 Rxh3 25.Qxd7 Rxd7 26.Kg2 Rh5 27.g4 Rg5 28.Be3 Rxg4+ 29.Kh3 h5
30.f3 Rf4 31.Bxf4 exf4 32.d4 Rb7 33.Rb1 Rb3 34.Rfc1 Kf7 35.Kg2 g5 36.Kf2 g4
37.fxg4 hxg4 38.Rg1 g3+ 39.Kf3 Bxd4 40.Rh1 Be3 41.Rh7+ Ke6 42.Rd1 Rxb2 43.Rh6+ Kf5  0-1

[Event "ECh-u20 Girls"]
[Site "Aviles ESP"]
[Date "2000.08.24"]
[Round "8"]
[White "Vega Gutierrez,S"]
[Black "Jurkiewicz,Ka"]
[Result "1/2-1/2"]
[WhiteElo "2131"]
[BlackElo "2184"]

1.e4 c5 2.Nf3 Nc6 3.Bb5 e6 4.Bxc6 bxc6 5.O-O f6 6.Re1 Nh6 7.c3 Nf7 8.d4 Be7
9.Be3 Qb6 10.Qc2 Rb8 11.b3 cxd4 12.Nxd4 Qc7 13.c4 Ne5 14.f3 Qa5 15.Rd1 a6
16.Nc3 c5 17.Nde2 g5 18.Rac1 Bb7 19.Qd2 Qc7 20.Qe1 Ng6 21.Kh1 Rc8 22.Rd2 Bc6
23.Qf2 Qe5 24.Na4 Bxa4 25.bxa4 Qc7 26.Rdd1 O-O 27.Qe1 Rb8 28.Qd2 Rfd8 29.f4 gxf4
30.Nxf4 Qc6 31.Qc2 Rb7 32.Nh5 Qc7 33.Qf2 Qe5 34.Qf3 Rf8 35.Bh6 Rf7 36.Rc2 Bf8
37.Bd2 Bg7 38.Nxg7 Kxg7 39.Rf1 Qb8 40.Bc3 Ne5 41.Qg3+ Kf8 42.Rcf2 Rb1 43.Qf4 Rxf1+
44.Rxf1 Qd6 45.h3 Nxc4 46.Qh6+ Ke8 47.Rxf6 Rxf6 48.Bxf6 Qf8 49.Qh5+ Qf7 50.Qxc5 Qxf6
51.Qxc4 Qa1+ 52.Kh2 Qe5+ 53.Kg1 a5 54.Qc1 Ke7 55.Qc2 h5 56.Kf2 d5 57.exd5 Qd4+
58.Ke2 Qxd5 59.Qc7+ Kf6 60.Qc3+ Ke7 61.Qc7+ Kf6 62.Qc3+  1/2-1/2

[Event "Open"]
[Site "Abudhabi UAE"]
[Date "2000.08.28"]
[Round "3"]
[White "Dzhumaev,M"]
[Black "Taleb,M"]
[Result "1-0"]
[WhiteElo "2495"]
[BlackElo "2389"]

1.e4 c5 2.Nf3 Nc6 3.Bb5 g6 4.O-O Bg7 5.c3 Nf6 6.Re1 O-O 7.e5 Nd5 8.d4 cxd4
9.cxd4 d6 10.Nc3 Nxc3 11.bxc3 Qc7 12.exd6 exd6 13.Bf4 Ne7 14.Qb3 h6 15.Rac1 g5
16.Bg3 Nf5 17.Bd3 Nxg3 18.hxg3 b6 19.Re2 Bg4 20.Rce1 Rac8 21.Re3 Kh8 22.Bb1 Bh5
23.Bf5 Rcd8 24.Re7 Qb8 25.g4 Bg6 26.Bxg6 fxg6 27.Qc2 Rf6 28.Nd2 Rdf8 29.Ne4 R6f7
30.Ng3 Rf6 31.Rd7 Rd8 32.Qa4 Rxd7 33.Qxd7 Qg8 34.Qxa7 Re6 35.Rb1 Qc8 36.Rxb6 Re1+
37.Nf1 Qc4 38.Rb8+ Kh7 39.Rb7 Rxf1+ 40.Kh2 Qg8 41.Rb8 Qe6 42.Rb7 Qf6 43.Rf7  1-0

[Event "ch-HUN KO"]
[Site "Budapest HUN"]
[Date "2000.08.29"]
[Round "1.2"]
[White "Paal,A"]
[Black "Sarok,P"]
[Result "0-1"]
[WhiteElo "2213"]
[BlackElo "2117"]

1.e4 c5 2.Nf3 Nc6 3.Bb5 g6 4.Bxc6 bxc6 5.O-O Bg7 6.d3 e6 7.Nc3 d5 8.Re1 Ne7
9.Bg5 f6 10.Bd2 e5 11.Na4 Qd6 12.Be3 d4 13.Bc1 Ba6 14.b3 Bb5 15.Ba3 Bxa4
16.bxa4 f5 17.Qd2 a5 18.c3 fxe4 19.Rxe4 O-O 20.cxd4 exd4 21.Rae1 Nd5 22.Re6 Qf4
23.Bxc5 Qxd2 24.Nxd2 Rfc8 25.Nc4 Nf4 26.Re7 Nxd3 27.Rxg7+ Kxg7 28.Bxd4+ Kf8
29.Rd1 c5 30.Nb6 cxd4 31.Nxa8 Nb2 32.Nb6 Rc2 33.Rf1 d3 34.Nd5 d2 35.Ne3 Rc1
36.f3 d1=Q 37.Nxd1 Rxd1 38.Rxd1 Nxd1 39.Kf1 Nc3  0-1

[Event "5th Paks Cup IM"]
[Site "Paks HUN"]
[Date "2000.08.29"]
[Round "11"]
[White "Breder,D"]
[Black "Pataki,G"]
[Result "1/2-1/2"]
[WhiteElo "2336"]
[BlackElo "2294"]

1.e4 c5 2.Nf3 Nc6 3.Bb5 e6 4.Bxc6 bxc6 5.d3 Qc7 6.O-O e5 7.Ne1 d6 8.f4 exf4
9.Bxf4 Ne7 10.c4 Ng6 11.Bg3 Be7 12.Nc3 O-O 13.Qd2 f5 14.exf5 Bxf5 15.Nf3 Bg4
16.Ng5 Qd8 17.Rxf8+ Nxf8 18.Nge4 d5 19.Nf2 Be6 20.Qe2 Qd7 21.Na4 Re8 22.Qc2 dxc4
23.dxc4 Bf5 24.Qd1 Qc8 25.Qf3 Bg6 26.Qg4  1/2-1/2

[Event "chT-POL"]
[Site "Zakopane chT"]
[Date "2000.09.02"]
[Round "1"]
[White "Bielczyk,J"]
[Black "Grabarczyk,B"]
[Result "1-0"]
[WhiteElo "2377"]
[BlackElo "2432"]

1.e4 c5 2.Nf3 Nc6 3.Bb5 g6 4.Bxc6 bxc6 5.O-O Bg7 6.h3 f6 7.Re1 Nh6 8.c3 Nf7
9.d4 cxd4 10.cxd4 d6 11.Nc3 O-O 12.b3 e5 13.Be3 Be6 14.Qd2 d5 15.dxe5 fxe5
16.Ng5 Nxg5 17.Bxg5 Qd7 18.Na4 d4 19.Nc5 Qf7 20.Rac1 Rae8 21.Rc2 Bc8 22.Rec1 Bf6
23.Bh6 Bg7 24.Bg5 Kh8 25.Nd3 Bd7 26.Nb4 Bf6 27.f3 Qe7 28.Bxf6+ Qxf6 29.Nxc6 Bxh3
30.gxh3 Qxf3 31.Kh2 Qxe4 32.Re1 Qd5 33.b4 Rf7 34.Nxd4 Ref8 35.Nb3  1-0

[Event "chT-POL"]
[Site "Zakopane chT"]
[Date "2000.09.02"]
[Round "1"]
[White "Gdanski,J"]
[Black "Pyda,Z"]
[Result "1-0"]
[WhiteElo "2557"]
[BlackElo "2365"]

1.e4 c5 2.Nf3 Nc6 3.Bb5 g6 4.O-O Bg7 5.Re1 e5 6.b4 cxb4 7.a3 Nge7 8.axb4 O-O
9.c3 d5 10.d3 Be6 11.Nbd2 a6 12.Ba4 b5 13.Bc2 d4 14.Bb2 dxc3 15.Bxc3 Nd4
16.Bxd4 exd4 17.Bb3 Nc6 18.Bxe6 fxe6 19.Qb3 Qe7 20.Rab1 Rfc8 21.e5 Kh8 22.Ne4 Rf8
23.Rbc1 Nxb4 24.Nxd4 Bxe5 25.Nxe6 Rf5 26.d4 Bd6 27.d5 Be5 28.d6 Bxd6 29.Nxd6 Qxd6
30.Qc3+ Re5  1-0

[Event "Open"]
[Site "Abudhabi UAE"]
[Date "2000.09.03"]
[Round "8"]
[White "Ali,Mo"]
[Black "Saud,M"]
[Result "1/2-1/2"]
[WhiteElo "2211"]
[BlackElo "2175"]

1.e4 c5 2.Nf3 Nc6 3.Bb5 g6 4.O-O Bg7 5.c3 Nf6 6.Re1 O-O 7.d4 cxd4 8.cxd4 a6
9.Ba4 d5 10.e5 Ne4 11.Nc3 Nxc3 12.bxc3 Na5 13.Bf4 Nc4 14.Bb3 b5 15.Bxc4 bxc4
16.h3 Bf5 17.Re3 Qa5 18.g4 Bd7 19.Nh2 Qa3 20.Rg3 f6 21.Qe1 fxe5 22.Bxe5 Bxe5
23.Qxe5 Qd6 24.Nf3 Rab8 25.Qe2 Qa3 26.Re1 Rb2 27.Qe3 Rxa2 28.Qh6 Ra1 29.Kg2 Rxe1
30.Ng5 Rf7 31.Nxf7 Qc1 32.Re3 Rg1+ 33.Kf3 Qd1+ 34.Kf4 Rxg4+ 35.Ke5 Re4+ 36.Kxd5 Rxe3
37.Ng5 Be6+ 38.Kc5 Re5+ 39.dxe5 Qd5+ 40.Kb6 Qb5+ 41.Kc7 Qxe5+ 42.Kb7 Qb5+
43.Kc7 Qc5+ 44.Kb7 Qb5+ 45.Ka7 Qd7+ 46.Kb6 Qd6+ 47.Kb7 Bd5+ 48.Ka7 Qc7+ 49.Kxa6 Qc6+
50.Ka5 Qc5+ 51.Ka6 Qc6+ 52.Ka5  1/2-1/2

[Event "LVI ch-POR"]
[Site "Barreiro POR"]
[Date "2000.09.03"]
[Round "2"]
[White "Leonardo,J"]
[Black "Morais,V"]
[Result "1/2-1/2"]
[WhiteElo "2301"]
[BlackElo "2167"]

1.e4 c5 2.Nf3 Nc6 3.Bb5 e6 4.Bxc6 bxc6 5.d3 Ne7 6.O-O Ng6 7.Ng5 h6 8.Nh3 Be7
9.f4 d6 10.Nc3 Bf6 11.Qh5 Bd4+ 12.Kh1 Qh4 13.Qf3 Bd7 14.Bd2 Rb8 15.Rab1 O-O
16.b3 Bxc3 17.Bxc3 f5 18.e5 d5 19.Bb2 Rf7 20.Ba3 Rb5 21.Bc1 c4 22.dxc4 dxc4
23.Be3 cxb3 24.axb3 Be8 25.Ra1 Rbb7 26.Nf2 Rfc7 27.Nd3 Nf8 28.Nc5 Bh5 29.Qf2 Qxf2
30.Rxf2 Rb5 31.c4 Rb6 32.Na6 Rxb3 33.Nxc7 Rxe3 34.h3 Rc3 35.Rxa7 Rxc4 36.Rd2 Rxf4
37.Rd8 Rf1+ 38.Kh2 Rd1 39.Rc8 Rd7 40.Raa8 Kh7 41.Rxf8 Rxc7 42.Rfc8 Rb7 43.Rxc6 Rb2
44.Rac8 Re2 45.Rc5 f4 46.Kg1 f3 47.gxf3 Bxf3 48.Kf1 Rh2 49.Re8 Bd5 50.Rc3 Rh1+
51.Kf2 Rh2+ 52.Ke1 g5 53.Rf8 Kg6 54.Rf6+ Kh5 55.Rf2 Rxf2 56.Kxf2 Kh4 57.Rd3 Kh5
58.Ke3 Kg6 59.Kd4 Kf5 60.Ra3 h5 61.Ra7 g4 62.hxg4+ Kxg4 63.Rg7+ Kf4 64.Rf7+ Kg5
65.Ke3 h4 66.Rg7+ Kf5 67.Rh7 Kxe5 68.Rxh4 Kf6 69.Kd4  1/2-1/2

[Event "Open"]
[Site "Cesenatico ITA"]
[Date "2000.09.03"]
[Round "1"]
[White "Facchetti,G"]
[Black "Grigore,G"]
[Result "0-1"]
[WhiteElo "2154"]
[BlackElo "2508"]

1.e4 c5 2.Nf3 Nc6 3.Bb5 g6 4.O-O Bg7 5.Re1 Nf6 6.Bxc6 dxc6 7.d3 Nd7 8.Nbd2 Nf8
9.Nf1 Ne6 10.Rb1 Nd4 11.Nxd4 cxd4 12.a4 O-O 13.b3 e5 14.Ng3 Be6 15.Bd2 h5
16.Ne2 Qe7 17.Qc1 Kh7 18.f4 Rae8 19.f5 gxf5 20.exf5 Bxf5 21.Kh1 Qd7 22.Ng3 Bg6
23.Ne4 f5 24.Ng5+ Kh8 25.Nf3 f4 26.Nh4 Bh7 27.Rf1 Qg4 28.Nf3 e4 29.h3 Qg3
30.Be1 Qg6 31.dxe4 Rxe4 32.Bf2 Re2 33.Nxd4 Rxf2 34.Rxf2 Bxd4 35.Rxf4 Rg8
36.Qf1 Be5 37.Rf3 Qg5 38.Re1 h4 39.Rf8 Qg3 40.Rxg8+ Bxg8 41.Qg1 Bd5 42.Re3 Bxg2+
43.Qxg2 Qxe3 44.Qg4 Qc1+ 45.Kg2 Qxc2+ 46.Kf1 Qd3+  0-1

[Event "6th WUCC Women"]
[Site "Golden Sands BUL"]
[Date "2000.09.03"]
[Round "3"]
[White "Trofimova,A"]
[Black "Anhchimeg,B"]
[Result "1/2-1/2"]
[WhiteElo "2248"]
[BlackElo "2139"]

1.e4 c5 2.Nf3 Nc6 3.Bb5 g6 4.O-O Bg7 5.Re1 d6 6.Bxc6+ bxc6 7.c3 Bg4 8.h3 Bxf3
9.Qxf3 e5 10.Na3 Ne7 11.d3 O-O 12.Qd1 Rb8 13.Qa4 Qc7 14.Rb1 f5 15.Bg5 Nc8
16.f3 Nb6 17.Qc2 f4 18.Bh4 Nd7 19.Red1 Bf6 20.Bf2 Kg7 21.b4 cxb4 22.cxb4 Rfc8
23.Rdc1 Nb6 24.Nc4 Nxc4 25.dxc4 a5 26.a3 axb4 27.axb4 Be7 28.Qc3 Ra8 29.Ra1 Qb7
30.c5 Qb5 31.Rd1 Rxa1 32.Rxa1 Rb8 33.Ra7 Rb7 34.Rxb7 Qxb7 35.cxd6 Bxd6 36.Bc5 Qe7
37.Bxd6 Qxd6 38.Kh2  1/2-1/2

[Event "chT-POL"]
[Site "Zakopane chT"]
[Date "2000.09.03"]
[Round "2"]
[White "Krogulski,G"]
[Black "Rydzik,K"]
[Result "1-0"]
[WhiteElo "2252"]
[BlackElo "2077"]

1.e4 c5 2.Nf3 Nc6 3.Bb5 g6 4.O-O Bg7 5.Re1 e5 6.Bxc6 dxc6 7.d3 Ne7 8.b3 O-O
9.Bb2 Qd6 10.Nbd2 Be6 11.Qe2 Rad8 12.h3 h6 13.a4 a5 14.Nh2 b6 15.Ng4 g5 16.g3 Ng6
17.Kg2 Kh7 18.Ne3 Qd7 19.Rh1 Rh8 20.Ndc4 Qc7 21.Qf3 f6 22.Bc3 Kg8 23.Nf5 Bf8
24.h4 Bxf5 25.Qxf5 Kg7 26.hxg5 hxg5 27.Rxh8 Nxh8 28.Nxe5  1-0